|
|
|
|
| LEADER |
01021nam a2200241 i 4500 |
| 001 |
acta45388 |
| 005 |
20230328150633.0 |
| 008 |
170126s2000 hu o 0|| hun d |
| 020 |
|
|
|a 963 482 497 8
|
| 022 |
|
|
|a 1215-2870
|
| 040 |
|
|
|a SZTE Egyetemi Kiadványok Repozitórium
|b hun
|
| 041 |
|
|
|a hun
|
| 245 |
0 |
0 |
|a Személyes metafizika és az igazság szabadsága
|h [elektronikus dokumentum]
|
| 260 |
|
|
|a SZTE Kultúrtörténeti Stúdiumok
|b Szeged
|c 2000
|
| 300 |
|
|
|a 182 p.
|c 25 cm
|
| 490 |
0 |
|
|a Szegedi bölcsészfüzetek
|v 10
|
| 650 |
|
4 |
|a Bölcsészettudományok
|
| 650 |
|
4 |
|a Nyelvek és irodalom
|
| 650 |
|
4 |
|a Filozófia, etika és vallástudományok
|
| 650 |
|
4 |
|a Művészetek (művészetek, művészettörténet, előadóművészetek, zene)
|
| 695 |
|
|
|a Metafizika - tanulmányok, Kelet-európai irodalom - 19-20. sz. - tanulmányok, Művészeti élet - Magyarország - 1945- - tanulmányok
|
| 700 |
0 |
1 |
|a Szalma Natália
|
| 856 |
4 |
0 |
|u http://acta.bibl.u-szeged.hu/45388/1/bolcseszfuzetek_1999_2000.pdf
|z Dokumentum-elérés
|